Titres de chansons de Georges Brassens - Clic Quiz - Statistiques

Statistiques générales
  • Ce quiz a été pris 2 918 fois
  • Le résultat moyen est 15 sur 20
Statistiques - réponses
Hint Réponse % Correct
Les copains d’abord
96%
Je me suis fait tout petit
94%
Les amoureux des bancs publics
92%
La mauvaise réputation
92%
Il n'y a pas d'amour heureux
89%
Les trompettes de la renommée
89%
Je suis un voyou
89%
Heureux qui comme Ulysse
87%
La ronde des jurons
84%
La femme d'Hector
82%
Les sabots d'Hélène
81%
Auprès de mon arbre
80%
Chanson pour l’Auvergnat
78%
Oncle Archibald
74%
Le petit cheval
69%
La cane de Jeanne
60%
Pu**** de toi
50%
Brave Margot
48%
Pauvre Martin
44%
J'ai rendez-vous avec vous
40%
Aucun quiz correspondant
Distribution des résultats
% des personnes avec chaque résultat
Percentile par nombre de réponses
Votre historique - résultats
Vous n’avez pas pris ce quiz